<?xml version="1.0" encoding="UTF-8"?>
<record
    xmlns:xsi="http://www.w3.org/2001/XMLSchema-instance"
    xsi:schemaLocation="http://www.loc.gov/MARC21/slim http://www.loc.gov/standards/marcxml/schema/MARC21slim.xsd"
    xmlns="http://www.loc.gov/MARC21/slim">

  <leader>00806nam a22001577a 4500</leader>
  <controlfield tag="003">OSt</controlfield>
  <controlfield tag="005">20151026101908.0</controlfield>
  <controlfield tag="008">151026b        xxu||||| |||| 00| 0 eng d</controlfield>
  <datafield tag="040" ind1=" " ind2=" ">
    <subfield code="c">RUA </subfield>
  </datafield>
  <datafield tag="082" ind1=" " ind2=" ">
    <subfield code="a">AVM PAL 2013 B105 Or.1</subfield>
  </datafield>
  <datafield tag="100" ind1=" " ind2=" ">
    <subfield code="9">2897</subfield>
    <subfield code="a">PALL CHANNY</subfield>
  </datafield>
  <datafield tag="245" ind1=" " ind2=" ">
    <subfield code="a">Effectivness ivomec super and frontline spray on fleas tick of trains dogs in the department of police control prosenchey district, phnom penh, (&#x1794;&#x17D2;&#x179A;&#x179F;&#x17B7;&#x1791;&#x17D2;&#x1792;&#x1797;&#x17B6;&#x1796; IVOMEC SUPER &#x1793;&#x17B7;&#x1784; Frontline spray &#x1791;&#x17C5;&#x179B;&#x17BE;&#x1785;&#x17C3;&#x178A;&#x1784;&#x17D2;&#x1780;&#x17C2;&#x1793;&#x17C3;&#x179F;&#x17BB;&#x1793;&#x1781;&#x1787;&#x17C6;&#x1793;&#x17B6;&#x1789; &#x1793;&#x17C5;&#x17A2;&#x1784;&#x17D2;&#x1782;&#x1797;&#x17B6;&#x1796;&#x178F;&#x1798;&#x17D2;&#x179A;&#x17BD;&#x178F;&#x1794;&#x1791;&#x1794;&#x1789;&#x17D2;&#x1787;&#x17B6; &#x1781;&#x178E;&#x17D2;&#x178C;&#x1796;&#x17C4;&#x1792;&#x17B7;&#x17CD;&#x179F;&#x17C2;&#x1793;&#x1787;&#x17D0;&#x1799; &#x179A;&#x17B6;&#x1787;&#x1792;&#x17B6;&#x1793;&#x17B8;&#x1797;&#x17D2;&#x1793;&#x17C6;&#x1796;&#x17C1;&#x1789;)</subfield>
  </datafield>
  <datafield tag="260" ind1=" " ind2=" ">
    <subfield code="a">Phnom Penh </subfield>
    <subfield code="b">Rua </subfield>
    <subfield code="c">2013</subfield>
  </datafield>
  <datafield tag="300" ind1=" " ind2=" ">
    <subfield code="a">ix; 47p.</subfield>
    <subfield code="b">ill.</subfield>
    <subfield code="c">29cm.</subfield>
  </datafield>
  <datafield tag="942" ind1=" " ind2=" ">
    <subfield code="2">ddc</subfield>
    <subfield code="c">AVM</subfield>
  </datafield>
  <datafield tag="999" ind1=" " ind2=" ">
    <subfield code="c">2716</subfield>
    <subfield code="d">2716</subfield>
  </datafield>
  <datafield tag="952" ind1=" " ind2=" ">
    <subfield code="0">0</subfield>
    <subfield code="1">0</subfield>
    <subfield code="2">ddc</subfield>
    <subfield code="4">0</subfield>
    <subfield code="6">AVM_PAL_2013_000000000000000_B105_OR_1</subfield>
    <subfield code="7">0</subfield>
    <subfield code="9">12934</subfield>
    <subfield code="a">LBB</subfield>
    <subfield code="b">LBB</subfield>
    <subfield code="d">2015-10-26</subfield>
    <subfield code="o">AVM PAL 2013 B105 Or.1</subfield>
    <subfield code="p">RUA018223</subfield>
    <subfield code="r">2015-10-26</subfield>
    <subfield code="w">2015-10-26</subfield>
    <subfield code="y">AVM</subfield>
  </datafield>
  <datafield tag="952" ind1=" " ind2=" ">
    <subfield code="0">0</subfield>
    <subfield code="1">0</subfield>
    <subfield code="2">ddc</subfield>
    <subfield code="4">0</subfield>
    <subfield code="6">AVM_PAL_2013_000000000000000_B105_OR_2</subfield>
    <subfield code="7">0</subfield>
    <subfield code="9">12935</subfield>
    <subfield code="a">LBB</subfield>
    <subfield code="b">LBB</subfield>
    <subfield code="d">2015-10-26</subfield>
    <subfield code="o">AVM PAL 2013 B105 Or.2</subfield>
    <subfield code="p">RUA008856</subfield>
    <subfield code="r">2015-10-26</subfield>
    <subfield code="w">2015-10-26</subfield>
    <subfield code="y">AVM</subfield>
  </datafield>
  <datafield tag="952" ind1=" " ind2=" ">
    <subfield code="0">0</subfield>
    <subfield code="1">0</subfield>
    <subfield code="2">ddc</subfield>
    <subfield code="4">0</subfield>
    <subfield code="6">AVM_PAL_2013_000000000000000_B105_OR_3</subfield>
    <subfield code="7">0</subfield>
    <subfield code="9">12936</subfield>
    <subfield code="a">LBB</subfield>
    <subfield code="b">LBB</subfield>
    <subfield code="d">2015-10-26</subfield>
    <subfield code="l">1</subfield>
    <subfield code="o">AVM PAL 2013 B105 Or.3</subfield>
    <subfield code="p">RUA008773</subfield>
    <subfield code="r">2018-03-23</subfield>
    <subfield code="s">2018-03-12</subfield>
    <subfield code="w">2015-10-26</subfield>
    <subfield code="y">AVM</subfield>
  </datafield>
  <datafield tag="952" ind1=" " ind2=" ">
    <subfield code="0">0</subfield>
    <subfield code="1">0</subfield>
    <subfield code="2">ddc</subfield>
    <subfield code="4">0</subfield>
    <subfield code="6">AVM_PAL_2013_000000000000000_B105_OR_4</subfield>
    <subfield code="7">0</subfield>
    <subfield code="9">12937</subfield>
    <subfield code="a">LBB</subfield>
    <subfield code="b">LBB</subfield>
    <subfield code="d">2015-10-26</subfield>
    <subfield code="l">1</subfield>
    <subfield code="o">AVM PAL 2013 B105 Or.4</subfield>
    <subfield code="p">RUA008844</subfield>
    <subfield code="r">2025-06-24</subfield>
    <subfield code="s">2025-05-29</subfield>
    <subfield code="w">2015-10-26</subfield>
    <subfield code="y">AVM</subfield>
  </datafield>
  <datafield tag="952" ind1=" " ind2=" ">
    <subfield code="0">0</subfield>
    <subfield code="1">0</subfield>
    <subfield code="2">ddc</subfield>
    <subfield code="4">0</subfield>
    <subfield code="6">AVM_PAL_2013_000000000000000_B105_OR_5</subfield>
    <subfield code="7">0</subfield>
    <subfield code="9">12938</subfield>
    <subfield code="a">LBB</subfield>
    <subfield code="b">LBB</subfield>
    <subfield code="d">2015-10-26</subfield>
    <subfield code="o">AVM PAL 2013 B105 Or.5</subfield>
    <subfield code="p">RUA008756</subfield>
    <subfield code="r">2015-10-26</subfield>
    <subfield code="w">2015-10-26</subfield>
    <subfield code="y">AVM</subfield>
  </datafield>
  <datafield tag="952" ind1=" " ind2=" ">
    <subfield code="0">0</subfield>
    <subfield code="1">0</subfield>
    <subfield code="2">ddc</subfield>
    <subfield code="4">0</subfield>
    <subfield code="6">AVM_PAL_2013_000000000000000_B105_OR_6</subfield>
    <subfield code="7">0</subfield>
    <subfield code="9">12939</subfield>
    <subfield code="a">LBB</subfield>
    <subfield code="b">LBB</subfield>
    <subfield code="d">2015-10-26</subfield>
    <subfield code="o">AVM PAL 2013 B105 Or.6</subfield>
    <subfield code="p">RUA008968</subfield>
    <subfield code="r">2015-10-26</subfield>
    <subfield code="w">2015-10-26</subfield>
    <subfield code="y">AVM</subfield>
  </datafield>
  <datafield tag="952" ind1=" " ind2=" ">
    <subfield code="0">0</subfield>
    <subfield code="1">0</subfield>
    <subfield code="2">ddc</subfield>
    <subfield code="4">0</subfield>
    <subfield code="6">AVM_PAL_2013_000000000000000_B105_OR_7</subfield>
    <subfield code="7">0</subfield>
    <subfield code="9">12940</subfield>
    <subfield code="a">LBB</subfield>
    <subfield code="b">LBB</subfield>
    <subfield code="d">2015-10-26</subfield>
    <subfield code="o">AVM PAL 2013 B105 Or.7</subfield>
    <subfield code="p">RUA008755</subfield>
    <subfield code="r">2015-10-26</subfield>
    <subfield code="w">2015-10-26</subfield>
    <subfield code="y">AVM</subfield>
  </datafield>
</record>
